Quizzes
Events
Quiz Creation
Community
Videos
Private Events
Remove Ads
Sign In
Join for FREE
Feedback
Dark Mode
Quiz Categories
Sports
Geography
Music
Movies
Television
Just For Fun
Miscellaneous
History
Literature
Language
Science
Gaming
Entertainment
Religion
Holiday
For Kids
Quiz Lab
Recent
Popular Today
Quiz Kudos Today
Editor Picks
Curator Picks
Quizzes by...
Day
Popularity
Type
Ratings
Length
Year
Community
Subscriptions
Recent Discussions
Orange Saloon
Badges
Playlists
Quests
Create
Leaderboards
Showdown
Live 5
Trivia Bingo
Activity
Puzzle Library
Sporcle Events
Private Events
Virtual Trivia
Globe League
Become a Host
Pub Owners
SporcleCon
Opinionation
Our Games
Videos
Blog
Mobile Apps
Partnerships
Remove Ads and Go Orange
Feedback
Television
TV Characters
TV Show
Sitcom
Network
Friends
Reality Shows
Cast
South Park
Star Trek
The Simpsons
Doctor Who
Television
TV Characters
TV Show
Sitcom
Network
Friends
Reality Shows
Cast
South Park
Star Trek
The Simpsons
Doctor Who
Random Quiz
Search Sporcle
×
Quiz Lab
Quiz Lab
Television
Sporcle
Type in answers that appear in a list
Type in answers that appear in a list
Classic
Best Score? Go Orange.
Your Sunday Sporcle Crossword 2011-01-23 Stats
Can you name the answers to the second Sunday Sporcle Crossword?
By
rockgolf
15m
200 Questions
1,753 Plays
1,753 Plays
1,753 Plays
Comments
Comments
Give Quiz Kudos
Give Quiz Kudos
-
- Ratings
hide this ad
More Info
Replay
Link that replays current quiz
Next Quiz
Link to next quiz in quiz playlist
You Got
0%
They Got
Avg Score
67%
Avg Friend Score
Upgrade to see
Score Distribution
Jump to the score distribution portion of the page
Score
0/200
Timer
15:00
0
Plays Today
Down clues
Across Clues
% Correct
Word 1: Sade's last name
Word 2: High school subj.
Word 3: Throw strikes?
█
95.6%
Word 1: Pens in Paris
Word 2: Lip balm ingredient
Word 3: Miss USA crown
█
95.6%
Word 1: Frank & Sammy's pal
Word 2: Beatty film
Word 3: 'Lucy in the _
_
_
..'
█
95.3%
Word 1: Frank & Sammy's pal
Word 2: Beatty film
Word 3: 'Lucy in the _
_
_
..'
█
95.1%
Word 1: Frank & Sammy's pal
Word 2: Beatty film
Word 3: 'Lucy in the _
_
_
..'
█
95%
Word 1: Frank & Sammy's pal
Word 2: Beatty film
Word 3: 'Lucy in the _
_
_
..'
█
94.7%
Word 1:Designer Christian
Word 2: Small-
minded
█
94.6%
Word 1:Designer Christian
Word 2: Small-
minded
█
94.1%
Word 1: Nature's kettles
Word 2: Concorde, for one
█
93.8%
Word 1: Sade's last name
Word 2: High school subj.
Word 3: Throw strikes?
█
92.9%
Word 1: Deli order
Word 2: Supplied volunteers
█
92.8%
Word 1: Encouraged
Word 2: Exuberance
█
92.3%
Word 1: Deli order
Word 2: Supplied volunteers
█
92.2%
Word 1: Frank & Sammy's pal
Word 2: Beatty film
Word 3: 'Lucy in the _
_
_
..'
█
91.3%
Word 1: Sade's last name
Word 2: High school subj.
Word 3: Throw strikes?
█
91%
Word 1: Nature's kettles
Word 2: Concorde, for one
█
90.9%
Word 1: Encouraged
Word 2: Exuberance
█
90.6%
Word 1: Frank & Sammy's pal
Word 2: Beatty film
Word 3: 'Lucy in the _
_
_
..'
Υ
89.3%
Word 1: Gervais' job last Sun.
Word 2: Border on
Word 3: Like Mike or Molly
█
89.2%
Word 1: Gervais' job last Sun.
Word 2: Border on
Word 3: Like Mike or Molly
█
89.2%
Word 1: Frank & Sammy's pal
Word 2: Beatty film
Word 3: 'Lucy in the _
_
_
..'
█
89.2%
Word 1: Pens in Paris
Word 2: Lip balm ingredient
Word 3: Miss USA crown
█
88.5%
Word 1: Pens in Paris
Word 2: Lip balm ingredient
Word 3: Miss USA crown
Ι
86.8%
Word 1: Frank & Sammy's pal
Word 2: Beatty film
Word 3: 'Lucy in the _
_
_
..'
Ѕ
86.7%
Word 1: Deli order
Word 2: Supplied volunteers
█
86.5%
Word 1: Nature's kettles
Word 2: Concorde, for one
█
86.3%
CBS Sitcom
now seen at
8p.m. Eastern /
Pacific
Τ
86.1%
Word 1: Sade's last name
Word 2: High school subj.
Word 3: Throw strikes?
█
85.7%
Word 1: Sade's last name
Word 2: High school subj.
Word 3: Throw strikes?
Β
85.2%
Word 1: Gervais' job last Sun.
Word 2: Border on
Word 3: Like Mike or Molly
Τ
84.7%
CBS Sitcom now seen
at 8p.m. Eastern/
Pacific
О
84.3%
Word 1: Sade's last name
Word 2: High school subj.
Word 3: Throw strikes?
█
84%
Word 1: Frank & Sammy's pal
Word 2: Beatty film
Word 3: 'Lucy in the _
_
_
..'
Κ
83.9%
Word 1:Designer Christian
Word 2: Small-
minded
Ι
83.6%
Word 1:Designer Christian
Word 2: Small-
minded
R
83.5%
Word 1: Sade's last name
Word 2: High school subj.
Word 3: Throw strikes?
█
82.8%
CBS Sitcom now seen
at 8p.m. Eastern/
Pacific
Υ
82.7%
CBS Sitcom
now seen at
8p.m. Eastern /
Pacific
Ι
82.4%
Word 1:Designer Christian
Word 2: Small-
minded
О
81.9%
CBS Sitcom now seen
at 8p.m. Eastern/
Pacific
Α
81.7%
CBS Sitcom now seen
at 8p.m. Eastern/
Pacific
Β
81.5%
CBS Sitcom now seen
at 8p.m. Eastern/
Pacific
Ν
81.2%
CBS Sitcom now seen
at 8p.m. Eastern/
Pacific
Ǥ
80.8%
CBS Sitcom
now seen at
8p.m. Eastern /
Pacific
Μ
80.5%
CBS Sitcom now seen
at 8p.m. Eastern/
Pacific
Β
79.6%
CBS Sitcom now seen
at 8p.m. Eastern/
Pacific
Τ
79.6%
Word 1: Nature's kettles
Word 2: Concorde, for one
Ε
79.3%
Word 1: Pens in Paris
Word 2: Lip balm ingredient
Word 3: Miss USA crown
Ŀ
79.1%
Word 1: Sade's last name
Word 2: High school subj.
Word 3: Throw strikes?
Н
79%
Word 1: Deli order
Word 2: Supplied volunteers
Ғ
78.8%
Word 1: Deli order
Word 2: Supplied volunteers
D
78.6%
Word 1: Sade's last name
Word 2: High school subj.
Word 3: Throw strikes?
Α
78.6%
Word 1: Nature's kettles
Word 2: Concorde, for one
Υ
78.3%
Word 1: Encouraged
Word 2: Exuberance
Α
78.2%
Word 1:Designer Christian
Word 2: Small-
minded
Ŀ
78.2%
Word 1: Nature's kettles
Word 2: Concorde, for one
Τ
78.2%
Word 1: Frank & Sammy's pal
Word 2: Beatty film
Word 3: 'Lucy in the _
_
_
..'
Ν
77.9%
Word 1: Nature's kettles
Word 2: Concorde, for one
Ǥ
77.8%
CBS Sitcom now seen
at 8p.m. Eastern/
Pacific
Н
77.8%
Word 1: Deli order
Word 2: Supplied volunteers
Β
77.7%
Word 1:Designer Christian
Word 2: Small-
minded
D
77.7%
Word 1: Sade's last name
Word 2: High school subj.
Word 3: Throw strikes?
Μ
77.6%
Word 1: Gervais' job last Sun.
Word 2: Border on
Word 3: Like Mike or Molly
Ε
77.6%
Word 1:Designer Christian
Word 2: Small-
minded
R
77.5%
CBS Sitcom now seen
at 8p.m. Eastern/
Pacific
Ε
77.3%
Word 1: Nature's kettles
Word 2: Concorde, for one
R
77.3%
CBS Sitcom
now seen at
8p.m. Eastern /
Pacific
Μ
77.2%
Down clues
Across Clues
% Correct
Word 1: Deli order
Word 2: Supplied volunteers
Τ
77.2%
Word 1: Nature's kettles
Word 2: Concorde, for one
Ѕ
77%
Word 1: Gervais' job last Sun.
Word 2: Border on
Word 3: Like Mike or Molly
R
76.4%
CBS Sitcom now seen
at 8p.m. Eastern/
Pacific
R
76.3%
Word 1: Encouraged
Word 2: Exuberance
Ǥ
76.1%
Word 1: Encouraged
Word 2: Exuberance
Ụ
76%
Word 1: Encouraged
Word 2: Exuberance
D
75.9%
CBS Sitcom
now seen at
8p.m. Eastern /
Pacific
R
75.9%
Word 1: Sade's last name
Word 2: High school subj.
Word 3: Throw strikes?
Α
75.8%
CBS Sitcom now seen
at 8p.m. Eastern/
Pacific
Ι
75.2%
Word 1: Deli order
Word 2: Supplied volunteers
Ŀ
75.2%
Word 1: Deli order
Word 2: Supplied volunteers
Τ
74.9%
CBS Sitcom now seen
at 8p.m. Eastern/
Pacific
Ǥ
74.8%
Word 1: Encouraged
Word 2: Exuberance
Ε
74.8%
Word 1: Sade's last name
Word 2: High school subj.
Word 3: Throw strikes?
Τ
74.7%
CBS Sitcom
now seen at
8p.m. Eastern /
Pacific
Ε
74.6%
Word 1: Pens in Paris
Word 2: Lip balm ingredient
Word 3: Miss USA crown
R
74.3%
Word 1: Encouraged
Word 2: Exuberance
О
74.2%
Word 1: Pens in Paris
Word 2: Lip balm ingredient
Word 3: Miss USA crown
Α
74.2%
Word 1:Designer Christian
Word 2: Small-
minded
Ν
74.1%
Word 1: Pens in Paris
Word 2: Lip balm ingredient
Word 3: Miss USA crown
Τ
74%
Word 1: Pens in Paris
Word 2: Lip balm ingredient
Word 3: Miss USA crown
Α
73.9%
Word 1: Pens in Paris
Word 2: Lip balm ingredient
Word 3: Miss USA crown
Ε
73.8%
CBS Sitcom
now seen at
8p.m. Eastern /
Pacific
Υ
73.5%
Word 1: Pens in Paris
Word 2: Lip balm ingredient
Word 3: Miss USA crown
Α
73.1%
Word 1: Pens in Paris
Word 2: Lip balm ingredient
Word 3: Miss USA crown
О
72.3%
Word 1: Gervais' job last Sun.
Word 2: Border on
Word 3: Like Mike or Molly
Ε
72.2%
CBS Sitcom
now seen at
8p.m. Eastern /
Pacific
R
72%
CBS Sitcom
now seen at
8p.m. Eastern /
Pacific
О
71.9%
CBS Sitcom
now seen at
8p.m. Eastern /
Pacific
Н
71.5%
CBS Sitcom
now seen at
8p.m. Eastern /
Pacific
Ε
71.5%
Word 1: Nature's kettles
Word 2: Concorde, for one
Ѕ
71.3%
Word 1: Sade's last name
Word 2: High school subj.
Word 3: Throw strikes?
D
71.3%
CBS Sitcom
now seen at
8p.m. Eastern /
Pacific
О
70.9%
CBS Sitcom
now seen at
8p.m. Eastern /
Pacific
Ẁ
70.3%
CBS Sitcom
now seen at
8p.m. Eastern /
Pacific
О
69.9%
Word 1: Nature's kettles
Word 2: Concorde, for one
Ε
69.3%
CBS Sitcom
now seen at
8p.m. Eastern /
Pacific
Τ
69.2%
Word 1: Gervais' job last Sun.
Word 2: Border on
Word 3: Like Mike or Molly
Β
68.9%
CBS Sitcom
now seen at
8p.m. Eastern /
Pacific
Ụ
68.9%
Word 1: Pens in Paris
Word 2: Lip balm ingredient
Word 3: Miss USA crown
Ŀ
68.8%
Word 1: Frank & Sammy's pal
Word 2: Beatty film
Word 3: 'Lucy in the _
_
_
..'
Ε
68.7%
CBS Sitcom
now seen at
8p.m. Eastern /
Pacific
Н
68.2%
Word 1: Pens in Paris
Word 2: Lip balm ingredient
Word 3: Miss USA crown
Ѕ
67.1%
Word 1: Deli order
Word 2: Supplied volunteers
Α
66%
Word 1: Pens in Paris
Word 2: Lip balm ingredient
Word 3: Miss USA crown
О
66%
Word 1: Encouraged
Word 2: Exuberance
Ν
65.9%
Word 1: Deli order
Word 2: Supplied volunteers
Ғ
65.8%
Word 1: Sade's last name
Word 2: High school subj.
Word 3: Throw strikes?
Ụ
65.7%
Word 1: Deli order
Word 2: Supplied volunteers
Ε
65.3%
Word 1: Deli order
Word 2: Supplied volunteers
Ѕ
64.9%
Word 1: Encouraged
Word 2: Exuberance
R
64.6%
Word 1: Nature's kettles
Word 2: Concorde, for one
Ѕ
63.5%
Word 1: Frank & Sammy's pal
Word 2: Beatty film
Word 3: 'Lucy in the _
_
_
..'
Α
63.4%
Word 1: Sade's last name
Word 2: High school subj.
Word 3: Throw strikes?
О
63.2%
Word 1: Gervais' job last Sun.
Word 2: Border on
Word 3: Like Mike or Molly
Ụ
63.1%
Word 1: Sade's last name
Word 2: High school subj.
Word 3: Throw strikes?
Ŀ
62.9%
Word 1: Encouraged
Word 2: Exuberance
Ŀ
62.5%
Word 1: Nature's kettles
Word 2: Concorde, for one
Ѕ
62.4%
Word 1: Gervais' job last Sun.
Word 2: Border on
Word 3: Like Mike or Molly
О
62.1%
Word 1: Frank & Sammy's pal
Word 2: Beatty film
Word 3: 'Lucy in the _
_
_
..'
D
62.1%
Word 1:Designer Christian
Word 2: Small-
minded
Ụ
62.1%
Word 1: Encouraged
Word 2: Exuberance
Ν
62%
Word 1:Designer Christian
Word 2: Small-
minded
Ι
61.8%
Word 1: Gervais' job last Sun.
Word 2: Border on
Word 3: Like Mike or Molly
С
61.6%
Word 1:Designer Christian
Word 2: Small-
minded
Α
61.6%
Word 1: Sade's last name
Word 2: High school subj.
Word 3: Throw strikes?
Ẁ
61.4%
Down clues
Across Clues
% Correct
Word 1: Pens in Paris
Word 2: Lip balm ingredient
Word 3: Miss USA crown
Υ
61%
Word 1: Gervais' job last Sun.
Word 2: Border on
Word 3: Like Mike or Molly
D
60.3%
Word 1: Encouraged
Word 2: Exuberance
Ε
60.2%
Word 1: Frank & Sammy's pal
Word 2: Beatty film
Word 3: 'Lucy in the _
_
_
..'
Ε
60.1%
Word 1: Gervais' job last Sun.
Word 2: Border on
Word 3: Like Mike or Molly
Ụ
59.6%
Across words
BITTY
59.4%
Word 1:Designer Christian
Word 2: Small-
minded
Ѕ
58.6%
Down words
SKY
58%
Word 1: Gervais' job last Sun.
Word 2: Border on
Word 3: Like Mike or Molly
Μ
57.6%
Word 1: Gervais' job last Sun.
Word 2: Border on
Word 3: Like Mike or Molly
Ν
57.6%
Word 1: Pens in Paris
Word 2: Lip balm ingredient
Word 3: Miss USA crown
Τ
57.5%
Word 1: Frank & Sammy's pal
Word 2: Beatty film
Word 3: 'Lucy in the _
_
_
..'
D
57.5%
Word 1: Gervais' job last Sun.
Word 2: Border on
Word 3: Like Mike or Molly
Α
57%
Word 1: Gervais' job last Sun.
Word 2: Border on
Word 3: Like Mike or Molly
Ε
56.1%
Word 1: Gervais' job last Sun.
Word 2: Border on
Word 3: Like Mike or Molly
Τ
56%
Across words
FLOAT
55.6%
Down words
DIOR
55%
Across words
DRY
54.9%
Word 1: Pens in Paris
Word 2: Lip balm ingredient
Word 3: Miss USA crown
Ѕ
54.4%
Across words
ALIEN
54.4%
Word 1: Frank & Sammy's pal
Word 2: Beatty film
Word 3: 'Lucy in the _
_
_
..'
R
54.4%
Word 1: Frank & Sammy's pal
Word 2: Beatty film
Word 3: 'Lucy in the _
_
_
..'
Ѕ
54.4%
Across words
BUG
53.3%
Across words
MRS
52.4%
Down words
MATH
52.1%
Across words
TRADE
51.6%
Across words
LOBES
51.3%
Across words
BIGGY
51.2%
Down words
TIARA
50.9%
Down words
BIG BANG THEORY
50.7%
Across words
DOME
49.5%
Across words
TNT
48.5%
Down words
GEYSERS
47.9%
Down words
ALOE
47.2%
Down words
HOW I MET YOUR MOTHER
46.7%
Across words
HER
46.5%
Across words
MAYBE
45.4%
Across words
FUELS
44.8%
Across words
USE
43.7%
Down words
BLT
43%
Down words
STAFFED
42.9%
Down words
URGED ON
42%
Across words
EARN
41.5%
Across words
SIGNS
40.3%
Across words
DIRE
39.9%
Down words
BOWL
39.6%
Across words
LARD
39.1%
Down words
DEAN
38.8%
Across words
OAHU
38.7%
Down words
ABUT
38%
Across words
ALOUD
37.6%
Down words
EMCEE
37.6%
Across words
YWCA
37.2%
Across words
TOOK
37%
Across words
ASHES
36.6%
Down words
INSULAR
36.3%
Down words
STYLOS
36.1%
Down words
ELAN
34.5%
Across words
TOME
34.3%
Down words
REDS
34.3%
Down words
SST
33.7%
Across words
WREN
32.9%
Down words
ROTUND
32.6%
Down words
ADU
30.5%
Across words
SHED
27.8%
Across words
TAR
25.9%
Quiz Playlist
Details
Report
Send in Message
Add To Playlist
More Info:
Week Two. Remember, you can fill in all the black spaces by entering "CHEAT" as an answer.
Classic:
Type in answers that appear in a list
Last Updated: Sep 22, 2017
Quiz Scoreboard
CHALLENGE
Sign Up to Join the Scoreboard
Show All
Scores
Hide
Comments
May contain spoilers
Recently Published
Billboard Blitz: Fleetwood Mac
by CooCooCachoo
Music
15s
Presidents Visiting Landmarks
by Hejman
History
7m
An Introduction to Baseball
by treessimontrees
Sports
5m
More to Explore
Quiz From the Vault
Featured Blog Post
Where Did the Easter Bunny Come From?
hide this ad
You Might Also Like...
Tags
Crossword Quiz
Sporcle Quiz
Down
second
Sunday
Today's Top Quizzes in Television
Browse Television
hide this ad
Today's Top Quizzes in Sporcle
Browse Sporcle
Top Contributed Quizzes in Television
1
5-to-1: The Simpsons Families
2
5-to-1: Television Doctors
3
7-to-1: TV Show Settings
4
One Piece Logic Puzzle
5
5-to-1: Streaming Originals
6
Survivor Seasons
7
Survivor Logic Puzzle: Heroes vs. Villains
8
TV Shows by First Names
9
Survivor Season by Logo
10
Survivor Trivia
Explore More
Trending Topics
Marvel
Disney
Harry Potter
NBA
Crossword
Kpop
Anime
Song
NFL
Country
The Office
Pokémon
WWE
Soccer
Puzzle
hide this ad
More By:
rockgolf
Quiz
Plays
Rating
Category
Featured
Created
The Beatles or Rebecca Black?
1,630,122
3.11
Music
May 3, 2011
Harry Potter Safe Cracker
996,275
4.43
Literature
Dec 3, 2010
Progressively Tougher World Capitals
989,623
4.60
Geography
Feb 28, 2010
Big 4 Sports Logos by Letter
902,343
4.10
Sports
Jan 23, 2010
Figure Out the Lyrics III
534,442
4.36
Music
Dec 14, 2009
Go to Creator's Profile
Score Distribution
Quiz Creator Spotlight
rockgolf
Follow
Send a Message
Quizzes Created
-
Created Quiz Play Count
-
More By This Creator
Popular Quizzes Today
1
Find the US States - No Outlines Minefield
2
Find the Countries of Europe - No Outlines Minefield
3
The Countries of the World
4
Find the US States
5
US States
6
Risky Map Clicking: Biggest States A-Z
7
Popular People in 1961
8
Movies - When Are They Set?
More Television Quizzes
Wizards of Waverly Place Cast Photo (Map)
Quiz Lab
Trending Quizzes
Risky Map Clicking: Least Populous States A-Z
1-10 Letter G Words
1-10 Letter F Words
Risky Map Clicking: Next State Alphabetically
Risky Map Clicking: Biggest States A-Z
Recently Updated
Leaping Animals
pecheneg
Reality TV Shows (A-Z)
bhenderson79
Rickey Henderson's Hall of Fame Teammates
pecheneg
Champions League XIs: Arsenal
pecheneg
Quick Pick: Celebrities in WWE's Hall of Fame
aduchscher
A-Z Keypad Blitz II
pecheneg
Multiple Oscar Actors
pecheneg
Mystery Phrase Blitz: Oscar 'Best Actors'
pecheneg
F. Scott Fitzgerald Novels
LTH
Pick 3 Villains
ddd62291
Trending Topics
Anime
Marvel
Harry Potter
Disney
Kpop
Crossword
NBA
WWE
Pokémon
Puzzle
Country
NFL
Song
The Office
Soccer
Your Account Isn't Verified!
In order to create a playlist on Sporcle, you need to verify the email address you used during registration. Go to your
Sporcle Settings
to finish the process.
Report this User
Report this user for behavior that violates our
Community Guidelines
.
Details:
Send Report
Go to the Sporcle.com Mobile Site →
Comments